F1 WDC Trivia - Statistics

General Stats
  • This quiz has been taken 63 times
  • The average score is 17 of 23
Answer Stats
Rank Team Answer Points % Correct
1 Red Bull Racing Max Verstappen 454
100%
2 Ferrari Charles Leclerc 308
93%
3 Red Bull Racing Sergio Perez 305
89%
5 Ferrari Carlos Sainz 246
88%
4 Mercedes George Russell 275
88%
6 Mercedes Lewis Hamilton 240
88%
7 McLaren Lando Norris 122
86%
8 Alpine Esteban Ocon 92
82%
Which year was this WDC? 2022
81%
11 McLaren Daniel Ricciardo 37
79%
12 Aston Martin Sebastian Vettel 37
77%
19 Williams Alexander Albon 4
74%
15 Aston Martin Lance Stroll 18
74%
9 Alpine Fernando Alonso 81
72%
13 Haas Kevin Magnussen 25
72%
10 Alfa Romeo Valtteri Bottas 49
72%
17 AlphaTauri Yuki Tsunoda 12
72%
14 AlphaTauri Pierre Gasly 23
70%
18 Alfa Romeo Zhou Guanyu 6
67%
16 Haas Mick Schumacher 12
58%
20 Williams Nicholas Latifi 2
58%
22 Aston Martin Nico Hulkenberg 0
49%
21 Williams Nyck de Vries 2
42%
No matching quizzes found
Score Distribution
Percent of People with Each Score
Percentile by Number Answered
Your Score History
You have not taken this quiz